000 00820nas a2200265 4500
001 BR0003354
003 BR-BrBNA
005 20231205101935.0
007 ta
008 230509b bl.|||p| |||| 00| 00por d
040 _aBR-BrBNA
_bpor
_cBiblioteca Nacional de Agricultura
041 _a(Pt)
072 _aH20
100 1 _aTorres-Filho, J.
100 1 _aPonte, J.J. da
100 1 _aSilveira-Filho, J.
245 1 _aOxicloreto de cobre e kasugamicina, combinados ou nao com poda de limpeza, no controle da bacteriose do maracuja amarelo
650 _aMaracuja
650 _aBacteriose
650 _aControle Quimico
650 _aCeara
773 0 _tCiencia Agronomica (Brazil)
_xISSN 0045-6888
_g(1996), v. 27(1-2) p. 72-75
_wBR0003354
909 _a202311
_bLúcia
_c55
_dLúcia Elande
942 _2AGRIS
_n0
_cANA
999 _c164832
_d164832